00473nam a2200145Ia 4500008004100000041000800041082001200049100002000061245003600081260003200117300003100149365001100180999001700191952011900208240624s9999 xx 000 0 und d aeng a828 GOK aGOKHALE NITIN A aBEYOND NJ 9842 THE SIACHEN SAGA c2015aNew DelhibBloomsbury axii, : 274 : p. : cm. ; 23 cRSb30 c28086d28086 00104070aIMTNbIMTNcRack 42-Ad2016-10-25eBWNg499.00o828 GOKp28086r2024-06-24 00:00:00t1w2024-06-24yBK